| 000 | 00421nam a22001457a 4500 | ||
|---|---|---|---|
| 005 | 20240305014434.0 | ||
| 008 | 240305b |||||||| |||| 00| 0 eng d | ||
| 082 |
_222 _a323.334. _bSTI. |
||
| 245 |
_aThe call for women's rights : _bStill waiting / _cShirkat Gah |
||
| 260 |
_aPakistan : _bShirkat Gah - Women;s Resource Centre / _c2009 |
||
| 300 | _a175, p., | ||
| 650 | _aWomen | ||
| 700 |
_aHanif, Shahina . _eedt |
||
| 942 | _cL | ||
| 999 |
_c543 _d543 |
||